<?xml version="1.0" encoding="UTF-8"?><marc:collection xmlns:marc="http://www.loc.gov/MARC21/slim">
  <marc:record>
    <marc:leader>00000nam  2200000za 4500</marc:leader>
    <marc:controlfield tag="001">9.640031</marc:controlfield>
    <marc:controlfield tag="003">CaOODSP</marc:controlfield>
    <marc:controlfield tag="005">20241210082338</marc:controlfield>
    <marc:controlfield tag="007">cr |||||||||||</marc:controlfield>
    <marc:controlfield tag="008">150407|1999||||xxc|||||o    f|0| 0 fre d</marc:controlfield>
    <marc:datafield tag="040" ind1=" " ind2=" ">
      <marc:subfield code="a">CaOODSP</marc:subfield>
      <marc:subfield code="b">fre</marc:subfield>
    </marc:datafield>
    <marc:datafield tag="043" ind1=" " ind2=" ">
      <marc:subfield code="a">n-cn---</marc:subfield>
    </marc:datafield>
    <marc:datafield tag="086" ind1="1" ind2=" ">
      <marc:subfield code="a">FB2-15/1999F-PDF</marc:subfield>
    </marc:datafield>
    <marc:datafield tag="110" ind1="2" ind2=" ">
      <marc:subfield code="a">Banque du Canada.</marc:subfield>
    </marc:datafield>
    <marc:datafield tag="245" ind1="1" ind2="0">
      <marc:subfield code="a">[La monnaie, la politique monétaire et les mécanismes de transmission] : </marc:subfield>
      <marc:subfield code="h">[ressource électronique]</marc:subfield>
      <marc:subfield code="b">[actes d'un colloque tenu à la Banque du Canada, novembre 1999] </marc:subfield>
    </marc:datafield>
    <marc:datafield tag="246" ind1="3" ind2=" ">
      <marc:subfield code="a">La mesure de la monnaie de transaction dans un monde caractérisé par l’innovation financière ; L’utilité de la monnaie au sens large pour la conduite de la politique monétaire ; Les agrégats monétaires et la politique monétaire ; Le modèle vectoriel à correction d’erreurs basé sur M1 : quelques extensions et applications ; Politique monétaire suisse en changes flexibles : la pratique des objectifs monétaires ; La mesure de l’orientation de la politique monétaire ; Intermédiation financière, croyances et mécanisme de transmission ; Étranglement du crédit, prêts bancaires et politique monétaire : un modèle d’intermédiation financière à projets hétérogènes ; L’hypothèse de la trappe des anticipations ; Commentaire ; Participants</marc:subfield>
    </marc:datafield>
    <marc:datafield tag="260" ind1=" " ind2=" ">
      <marc:subfield code="b">Banque du Canada </marc:subfield>
      <marc:subfield code="c">(novembre 1999).</marc:subfield>
    </marc:datafield>
    <marc:datafield tag="300" ind1=" " ind2=" ">
      <marc:subfield code="a">58, 60, 52, 48, 44, 54, 46, 28, 64, 26, 6p.</marc:subfield>
      <marc:subfield code="b">graphiques, références, tableaux</marc:subfield>
    </marc:datafield>
    <marc:datafield tag="500" ind1=" " ind2=" ">
      <marc:subfield code="a">Sommaire: La mesure de la monnaie de transaction dans un monde caractérisé par l'innovation financière / Jean-Pierre Aubry et Loretta Nott ; L'utilité de la monnaie au sens large pour la conduite de la politique monétaire / Kim McPhail ; Les agrégats monétaires et la politique monétaire / Apostolos Serletis et Terence E. Molik ; Le modèle vectoriel à correction d'erreurs basé sur M1 : quelques extensions et applications / Charleen Adam et Scott Hendry ; Politique monétaire suisse en changes flexibles : la pratique des objectifs monétaires / Michel Peytrignet ; La mesure de l'orientation de la politique monétaire / Ben S. C. Fung et Mingwei Yuan ; Intermédiation financière, croyances et mécanisme de transmission / Robert Amano, Scott Hendry et Guang-Jia Zhang ; Étranglement du crédit, prêts bancaires et politique monétaire : un modèle d'intermédiation financière à projets hétérogènes / Mingwei Yuan et Christian Zimmermann ; L'hypothèse de la trappe des anticipations / Lawrence J. Christiano et Christopher Gust ; Premier commentaire / Charles Freedman; Deuxième commentaire / Marvin Goodfriend ; Troisième commentaire / David Laidler ; Participants</marc:subfield>
    </marc:datafield>
    <marc:datafield tag="590" ind1=" " ind2=" ">
      <marc:subfield code="a">12-17-Supp</marc:subfield>
      <marc:subfield code="b">2012-04-20</marc:subfield>
    </marc:datafield>
    <marc:datafield tag="775" ind1="0" ind2="8">
      <marc:subfield code="t">[Money, monetary policy and transmission mechanisms] : </marc:subfield>
      <marc:subfield code="w">(CaOODSP)9.695911</marc:subfield>
    </marc:datafield>
    <marc:datafield tag="856" ind1="4" ind2="0">
      <marc:subfield code="a">http://publications.gc.ca</marc:subfield>
      <marc:subfield code="q">PDF</marc:subfield>
      <marc:subfield code="s">554 Ko</marc:subfield>
      <marc:subfield code="u">https://publications.gc.ca/collections/Collection/FB2-15-1999F-2.pdf</marc:subfield>
    </marc:datafield>
    <marc:datafield tag="856" ind1="4" ind2="0">
      <marc:subfield code="a">http://publications.gc.ca</marc:subfield>
      <marc:subfield code="q">PDF</marc:subfield>
      <marc:subfield code="s">429 Ko</marc:subfield>
      <marc:subfield code="u">https://publications.gc.ca/collections/Collection/FB2-15-1999F-6.pdf</marc:subfield>
    </marc:datafield>
    <marc:datafield tag="856" ind1="4" ind2="0">
      <marc:subfield code="a">http://publications.gc.ca</marc:subfield>
      <marc:subfield code="q">PDF</marc:subfield>
      <marc:subfield code="s">521 Ko</marc:subfield>
      <marc:subfield code="u">https://publications.gc.ca/collections/Collection/FB2-15-1999F-3.pdf</marc:subfield>
    </marc:datafield>
    <marc:datafield tag="856" ind1="4" ind2="0">
      <marc:subfield code="a">http://publications.gc.ca</marc:subfield>
      <marc:subfield code="q">PDF</marc:subfield>
      <marc:subfield code="s">50 Ko</marc:subfield>
      <marc:subfield code="u">https://publications.gc.ca/collections/Collection/FB2-15-1999F-11.pdf</marc:subfield>
    </marc:datafield>
    <marc:datafield tag="856" ind1="4" ind2="0">
      <marc:subfield code="a">http://publications.gc.ca</marc:subfield>
      <marc:subfield code="q">PDF</marc:subfield>
      <marc:subfield code="s">239 Ko</marc:subfield>
      <marc:subfield code="u">https://publications.gc.ca/collections/Collection/FB2-15-1999F-5.pdf</marc:subfield>
    </marc:datafield>
    <marc:datafield tag="856" ind1="4" ind2="0">
      <marc:subfield code="a">http://publications.gc.ca</marc:subfield>
      <marc:subfield code="q">PDF</marc:subfield>
      <marc:subfield code="s">114 Ko</marc:subfield>
      <marc:subfield code="u">https://publications.gc.ca/collections/Collection/FB2-15-1999F-10.pdf</marc:subfield>
    </marc:datafield>
    <marc:datafield tag="856" ind1="4" ind2="0">
      <marc:subfield code="a">http://publications.gc.ca</marc:subfield>
      <marc:subfield code="q">PDF</marc:subfield>
      <marc:subfield code="s">420 Ko</marc:subfield>
      <marc:subfield code="u">https://publications.gc.ca/collections/Collection/FB2-15-1999F-1.pdf</marc:subfield>
    </marc:datafield>
    <marc:datafield tag="856" ind1="4" ind2="0">
      <marc:subfield code="a">http://publications.gc.ca</marc:subfield>
      <marc:subfield code="q">PDF</marc:subfield>
      <marc:subfield code="s">514 Ko</marc:subfield>
      <marc:subfield code="u">https://publications.gc.ca/collections/Collection/FB2-15-1999F-9.pdf</marc:subfield>
    </marc:datafield>
    <marc:datafield tag="856" ind1="4" ind2="0">
      <marc:subfield code="a">http://publications.gc.ca</marc:subfield>
      <marc:subfield code="q">PDF</marc:subfield>
      <marc:subfield code="s">139 Ko</marc:subfield>
      <marc:subfield code="u">https://publications.gc.ca/collections/Collection/FB2-15-1999F-8.pdf</marc:subfield>
    </marc:datafield>
    <marc:datafield tag="856" ind1="4" ind2="0">
      <marc:subfield code="a">http://publications.gc.ca</marc:subfield>
      <marc:subfield code="q">PDF</marc:subfield>
      <marc:subfield code="s">247 Ko</marc:subfield>
      <marc:subfield code="u">https://publications.gc.ca/collections/Collection/FB2-15-1999F-4.pdf</marc:subfield>
    </marc:datafield>
    <marc:datafield tag="856" ind1="4" ind2="0">
      <marc:subfield code="a">http://publications.gc.ca</marc:subfield>
      <marc:subfield code="q">PDF</marc:subfield>
      <marc:subfield code="s">261 Ko</marc:subfield>
      <marc:subfield code="u">https://publications.gc.ca/collections/Collection/FB2-15-1999F-7.pdf</marc:subfield>
    </marc:datafield>
  </marc:record>
</marc:collection>
